[Event "17. Obert Int. Sant Marti 2015"]
[Site "Barcelona ESP"]
[Date "2015.07.20"]
[Round "8.35"]
[White "Molano Lafuente, Ismael"]
[Black "Ramirez Garcia, Jorge Alberto"]
[Result "1/2-1/2"]
[WhiteElo "2112"]
[BlackElo "2312"]
[PlyCount "103"]
[EventDate "2015.07.13"]
[EventType "swiss"]
[EventRounds "9"]
[EventCountry "ESP"]
[SourceTitle "Ajedrez en Madrid"]
[Source "lmi"]
[SourceDate "2013.07.13"]
[SourceVersion "1"]
[SourceVersionDate "2019.06.24"]
[SourceQuality "1"]

1. f4 d5 2. Nf3 g6 3. g3 Bg7 4. Bg2 Nh6 5. O-O O-O 6. d3 c6 7. c3 Qb6+ 8. Kh1
Ng4 9. Na3 Nd7 10. Nc2 e5 11. fxe5 Ndxe5 12. Nxe5 Bxe5 13. d4 Bg7 14. e4 dxe4
15. Bxe4 Be6 16. Nb4 Rad8 17. Bf3 h5 18. Nd3 Bd5 19. Bxd5 Rxd5 20. h3 Ne5 21.
Nxe5 Bxe5 22. Bh6 Qxb2 23. Qf3 Bg7 24. Bxg7 Kxg7 25. Qf6+ Kg8 26. Rae1 Rd7 27.
Re5 Qc2 28. g4 h4 29. Qxh4 Rd5 30. Re7 Qxc3 31. Rf6 Qc1+ 32. Re1 Qg5 33. Qxg5
Rxg5 34. Rb1 Ra5 35. Rxb7 Rxa2 36. Kg1 a5 37. Rxc6 Re8 38. Rf6 Re1+ 39. Rf1
Rxf1+ 40. Kxf1 Rh2 41. Rb3 Kg7 42. g5 Kf8 43. Ra3 Ke7 44. Kg1 Rd2 45. Rxa5 Rxd4
46. Kg2 Ke6 47. Kg3 Rd3+ 48. Kg4 Rd4+ 49. Kg3 Rd5 50. Ra6+ Kf5 51. Rf6+ Kxg5
52. Rxf7 1/2-1/2

[Event "17. Obert Int. Sant Marti 2015"]
[Site "Barcelona ESP"]
[Date "2015.07.20"]
[Round "8.36"]
[White "Vazquez Moreno, Josep M"]
[Black "Forsa, Espen"]
[Result "0-1"]
[WhiteElo "2104"]
[BlackElo "2304"]
[PlyCount "110"]
[EventDate "2015.07.13"]
[EventType "swiss"]
[EventRounds "9"]
[EventCountry "ESP"]
[SourceTitle "Ajedrez en Madrid"]
[Source "lmi"]
[SourceDate "2013.07.13"]
[SourceVersion "1"]
[SourceVersionDate "2019.06.24"]
[SourceQuality "1"]

1. e4 c5 2. Nf3 d6 3. d4 cxd4 4. Nxd4 Nf6 5. Nc3 a6 6. Bc4 e6 7. O-O b5 8. Bb3
Be7 9. a3 O-O 10. Nde2 Nbd7 11. Ng3 Bb7 12. Re1 Nc5 13. Ba2 Qc7 14. f3 Rfd8 15.
Qe2 Bc6 16. Be3 Qb7 17. Qf2 Ncd7 18. Nce2 d5 19. Nc3 dxe4 20. Ngxe4 Bxe4 21.
Nxe4 Nxe4 22. fxe4 Ne5 23. Qf4 Bf6 24. Rab1 Rd7 25. Rf1 Rad8 26. h3 Ng6 27. Qf3
Bd4 28. Bxd4 Rxd4 29. Bb3 Ne5 30. Qf2 Rd2 31. Qf4 Ng6 32. Qg4 h5 33. Qxh5 Qxe4
34. Qf3 Qxf3 35. Rxf3 Nh4 36. Rg3 Re2 37. Kf1 Rdd2 38. Re1 Rf2+ 39. Kg1 Rxg2+
40. Rxg2 Rxg2+ 41. Kf1 Rd2 42. Re3 Nf5 43. Rc3 Nd4 44. Rc8+ Kh7 45. Ba2 g6 46.
Rc7 Kg7 47. Rd7 Kf6 48. Rd6 a5 49. Rd7 g5 50. c4 Nf3 51. Rxd2 Nxd2+ 52. Ke2
Nxc4 53. a4 Nd6 54. b4 axb4 55. a5 Ke5 0-1

[Event "17. Obert Int. Sant Marti 2015"]
[Site "Barcelona ESP"]
[Date "2015.07.20"]
[Round "8.37"]
[White "Garnier, Teddy"]
[Black "Pogorelov, Ruslan"]
[Result "1/2-1/2"]
[WhiteElo "2055"]
[BlackElo "2301"]
[PlyCount "118"]
[EventDate "2015.07.13"]
[EventType "swiss"]
[EventRounds "9"]
[EventCountry "ESP"]
[SourceTitle "Ajedrez en Madrid"]
[Source "lmi"]
[SourceDate "2013.07.13"]
[SourceVersion "1"]
[SourceVersionDate "2019.06.24"]
[SourceQuality "1"]

1. e4 c5 2. c3 d5 3. exd5 Qxd5 4. d4 e6 5. Nf3 Nf6 6. Na3 Qd8 7. Nc4 Be7 8. Be3
Nd5 9. dxc5 Nxe3 10. Qxd8+ Kxd8 11. Nxe3 Bxc5 12. b4 Bxe3 13. fxe3 a5 14.
O-O-O+ Ke7 15. Kb2 axb4 16. cxb4 Bd7 17. Bc4 Ba4 18. Bb3 Nd7 19. Rc1 Bc6 20.
Rhd1 Rhd8 21. a4 Rac8 22. Rd2 Bxf3 23. Rxc8 Rxc8 24. gxf3 Ne5 25. f4 Nc6 26.
Ka3 b6 27. Bd1 Rd8 28. Rxd8 Kxd8 29. Bf3 Ne7 30. Be4 f5 31. Bf3 Kc7 32. Kb3 h6
33. h4 Ng6 34. h5 Nh4 35. Bh1 g6 36. hxg6 Nxg6 37. Bf3 Nh4 38. Ba8 h5 39. Kc4
Ng6 40. Bf3 h4 41. Kd3 e5 42. fxe5 Nxe5+ 43. Ke2 h3 44. Bh1 h2 45. Kf2 Nd3+ 46.
Kg3 Nxb4 47. Kxh2 Kd6 48. Kg3 Ke5 49. Kf2 Na2 50. Bc6 Nc3 51. Ke1 Kd6 52. Be8
Nd5 53. Kd2 Nc7 54. Bf7 Na6 55. Kc3 Ke5 56. Kc4 Nc5 57. Kb5 Ke4 58. Bg6 Kxe3
59. Bxf5 Nxa4 1/2-1/2

[Event "17. Obert Int. Sant Marti 2015"]
[Site "Barcelona ESP"]
[Date "2015.07.20"]
[Round "8.38"]
[White "Marchador Villalba, Jordi"]
[Black "Matt, Fabian"]
[Result "0-1"]
[WhiteElo "2026"]
[BlackElo "2258"]
[PlyCount "56"]
[EventDate "2015.07.13"]
[EventType "swiss"]
[EventRounds "9"]
[EventCountry "ESP"]
[SourceTitle "Ajedrez en Madrid"]
[Source "lmi"]
[SourceDate "2013.07.13"]
[SourceVersion "1"]
[SourceVersionDate "2019.06.24"]
[SourceQuality "1"]

1. d4 Nf6 2. Bg5 d5 3. Nd2 h6 4. Bxf6 exf6 5. e3 c6 6. c4 a5 7. Ngf3 a4 8. a3
dxc4 9. Bxc4 Be7 10. O-O O-O 11. Rc1 Nd7 12. Qc2 Nb6 13. Ba2 Ra5 14. Rfd1 Bf5
15. e4 Bh7 16. Bb1 f5 17. Qc3 Qa8 18. Nc4 Nxc4 19. Qxc4 fxe4 20. Nd2 Bg5 21.
Rc3 Re8 22. Nf1 Qa6 23. Qa2 Qe2 24. b4 Qxd1 25. bxa5 e3 26. Bxh7+ Kxh7 27. Rxe3
Rxe3 28. Qxf7 Re7 0-1

[Event "17. Obert Int. Sant Marti 2015"]
[Site "Barcelona ESP"]
[Date "2015.07.20"]
[Round "8.39"]
[White "Ossa, Orlando"]
[Black "Leriche, Luc"]
[Result "1-0"]
[WhiteElo "2249"]
[BlackElo "2132"]
[PlyCount "73"]
[EventDate "2015.07.13"]
[EventType "swiss"]
[EventRounds "9"]
[EventCountry "ESP"]
[SourceTitle "Ajedrez en Madrid"]
[Source "lmi"]
[SourceDate "2013.07.13"]
[SourceVersion "1"]
[SourceVersionDate "2019.06.24"]
[SourceQuality "1"]

1. e4 c5 2. c3 d5 3. exd5 Qxd5 4. Nf3 g6 5. Na3 Bg7 6. Bc4 Qe4+ 7. Be2 Nh6 8.
O-O O-O 9. Re1 Qd5 10. d4 cxd4 11. Nb5 Na6 12. Nfxd4 e5 13. Bf3 Qc5 14. b4 Qe7
15. Qe2 Re8 16. Nb3 Nf5 17. Na5 Nc7 18. Bg5 f6 19. Qc4+ Ne6 20. Bd2 a6 21. Na3
Kh8 22. Rad1 Nd6 23. Qb3 f5 24. N5c4 Nxc4 25. Nxc4 e4 26. Nb6 Rb8 27. Be2 Qc7
28. Nd5 Qe5 29. f4 Qd6 30. Be3 Qf8 31. Nb6 g5 32. fxg5 f4 33. Rf1 Be5 34. Bh5
Re7 35. Nd5 Rg7 36. Nxf4 Nxg5 37. Ng6+ 1-0

[Event "17. Obert Int. Sant Marti 2015"]
[Site "Barcelona ESP"]
[Date "2015.07.20"]
[Round "8.40"]
[White "Barragan Hernandez, Manel"]
[Black "Capellades Subirana, Marc"]
[Result "0-1"]
[WhiteElo "1767"]
[BlackElo "2213"]
[PlyCount "64"]
[EventDate "2015.07.13"]
[EventType "swiss"]
[EventRounds "9"]
[EventCountry "ESP"]
[SourceTitle "Ajedrez en Madrid"]
[Source "lmi"]
[SourceDate "2013.07.13"]
[SourceVersion "1"]
[SourceVersionDate "2019.06.24"]
[SourceQuality "1"]

1. e4 e5 2. Nf3 Nc6 3. Bb5 g6 4. O-O Bg7 5. d3 Nge7 6. a3 O-O 7. Nc3 d6 8. Be3
Bg4 9. h3 Bxf3 10. Qxf3 f5 11. Bc4+ Kh8 12. Qd1 f4 13. Bd2 f3 14. g3 Ng8 15.
Nd5 Nd4 16. c3 Ne2+ 17. Kh2 c6 18. Ne3 Nf6 19. Qc2 d5 20. Ba2 Qd7 21. b4 d4 22.
cxd4 exd4 23. e5 Nh5 24. e6 Qd6 25. Nc4 Qxe6 26. Rae1 Nf6 27. Nb6 Ng4+ 28. Kh1
Nxf2+ 29. Rxf2 Qxh3+ 30. Rh2 Nxg3+ 31. Kg1 f2+ 32. Rxf2 Qh1# 0-1

[Event "17. Obert Int. Sant Marti 2015"]
[Site "Barcelona ESP"]
[Date "2015.07.20"]
[Round "8.41"]
[White "Busquets, Luis"]
[Black "Magallanes, Gustavo"]
[Result "1-0"]
[WhiteElo "2189"]
[BlackElo "1908"]
[PlyCount "141"]
[EventDate "2015.07.13"]
[EventType "swiss"]
[EventRounds "9"]
[EventCountry "ESP"]
[SourceTitle "Ajedrez en Madrid"]
[Source "lmi"]
[SourceDate "2013.07.13"]
[SourceVersion "1"]
[SourceVersionDate "2019.06.24"]
[SourceQuality "1"]

1. e4 c5 2. Nf3 e6 3. d4 cxd4 4. Nxd4 Nc6 5. Nc3 Qc7 6. Be2 a6 7. Be3 Nf6 8.
O-O Bb4 9. Na4 O-O 10. c4 Bd6 11. Nxc6 bxc6 12. g3 Nxe4 13. Bd3 Nf6 14. Nb6 Rb8
15. c5 Be7 16. Nc4 Qa7 17. Bd4 Bxc5 18. Bxf6 gxf6 19. Qg4+ Kh8 20. Qh5 f5 21.
Ne5 Be7 22. g4 Qd4 23. Rae1 Bf6 24. gxf5 Bxe5 25. Re3 Rg8+ 26. Kh1 Qg4 27. Qxg4
Rxg4 28. Rxe5 Rxb2 29. f6 Rd2 30. f3 Rh4 31. Rg5 Rhxh2+ 32. Kg1 Rh6 33. Rb1
Rxf6 34. Rb8 Rg6 35. Bxg6 hxg6 36. Rxc8+ Kg7 37. Ra5 Rc2 38. Rxa6 c5 39. Rd6
Rxa2 40. Rxd7 Ra4 41. Rxc5 Rf4 42. Kf2 Kf6 43. Rcc7 Kg7 44. Rc5 Kf6 45. Ke3 e5
46. Rcc7 Kg7 47. Re7 Rf5 48. Ke4 Rf4+ 49. Ke3 Rf5 50. Re6 Kf8 51. Rb6 Kg7 52.
Rcc6 Rf4 53. Rb2 Kf8 54. Rc5 Rf5 55. Ke4 Rf4+ 56. Ke3 Rf5 57. Rbb5 Kg7 58. Rxe5
Rf6 59. f4 Ra6 60. Kf3 Ra4 61. Rb7 Ra6 62. Kg4 Rc6 63. Ree7 Rf6 64. Ra7 Kg8 65.
Re5 Rc6 66. Rea5 Rb6 67. R7a6 Rb1 68. Ra7 Rg1+ 69. Kf3 Rb1 70. Ra3 Re1 71. Re3
1-0

[Event "17. Obert Int. Sant Marti 2015"]
[Site "Barcelona ESP"]
[Date "2015.07.20"]
[Round "8.42"]
[White "Perez Garcia, Adria"]
[Black "Becerra, Juan David"]
[Result "0-1"]
[WhiteElo "1644"]
[BlackElo "2178"]
[PlyCount "64"]
[EventDate "2015.07.13"]
[EventType "swiss"]
[EventRounds "9"]
[EventCountry "ESP"]
[SourceTitle "Ajedrez en Madrid"]
[Source "lmi"]
[SourceDate "2013.07.13"]
[SourceVersion "1"]
[SourceVersionDate "2019.06.24"]
[SourceQuality "1"]

1. e4 c5 2. c3 g6 3. d4 cxd4 4. cxd4 d5 5. e5 Bg7 6. Nc3 Nc6 7. h3 Nh6 8. Nf3
O-O 9. Bd3 Nf5 10. Bc2 Be6 11. g4 Nh6 12. Ng5 Qb6 13. Ne2 Bd7 14. Nf3 f6 15.
Be3 fxe5 16. Nxe5 Nxe5 17. dxe5 Qb4+ 18. Bd2 Qxb2 19. Bc3 Qb6 20. Qxd5+ Be6 21.
Qxe6+ Qxe6 22. Bb3 Qxb3 23. axb3 Rf3 24. Bd4 Rxb3 25. Ng3 Nf7 26. O-O Bxe5 27.
Bxe5 Nxe5 28. Kg2 a5 29. Rfe1 Nc6 30. Reb1 Rxb1 31. Rxb1 a4 32. Ra1 b5 0-1

[Event "17. Obert Int. Sant Marti 2015"]
[Site "Barcelona ESP"]
[Date "2015.07.20"]
[Round "8.43"]
[White "Coppola, Federico"]
[Black "Heinrici, Simon"]
[Result "0-1"]
[WhiteElo "2136"]
[BlackElo "2046"]
[PlyCount "122"]
[EventDate "2015.07.13"]
[EventType "swiss"]
[EventRounds "9"]
[EventCountry "ESP"]
[SourceTitle "Ajedrez en Madrid"]
[Source "lmi"]
[SourceDate "2013.07.13"]
[SourceVersion "1"]
[SourceVersionDate "2019.06.24"]
[SourceQuality "1"]

1. Nf3 d5 2. g3 Bg4 3. Bg2 Nd7 4. c4 e6 5. cxd5 exd5 6. d3 c6 7. Nc3 Ngf6 8.
O-O Bd6 9. Qc2 O-O 10. Be3 Re8 11. Qb3 Nb6 12. a4 Rb8 13. a5 Nc8 14. Rfc1 h6
15. Qc2 Bc7 16. Nb5 Bxa5 17. Nxa7 Bxf3 18. Bxf3 Rxe3 19. Nxc6 bxc6 20. fxe3 Ne7
21. d4 Bc7 22. Ra7 h5 23. Kg2 g5 24. Kf2 Qd6 25. Qc5 Rxb2 26. Qxd6 Bxd6 27. Ra6
g4 28. Bh1 Rb3 29. Ra8+ Kg7 30. Rd8 Bc7 31. Ra8 Rb8 32. Ra7 Bd6 33. Ra6 Rd8 34.
Rb6 Kg6 35. Ra6 Kg5 36. Ra5 Kf5 37. Raa1 Ke6 38. Ra7 Rc8 39. Ra5 Kd7 40. Ra7+
Rc7 41. Ra8 Nc8 42. Ra6 Na7 43. Rb6 Nb5 44. Ra6 Be7 45. Ra8 Bd8 46. Ra6 Nd6 47.
Ra3 Nde4+ 48. Bxe4 Nxe4+ 49. Kg2 Bg5 50. Rc2 Nd6 51. Kf2 Nf5 52. Rb3 Kd6 53.
Rcc3 Re7 54. Ra3 Bxe3+ 55. Rxe3 Nxe3 56. Rxe3 Rxe3 57. Kxe3 c5 58. dxc5+ Kxc5
59. Kf4 Kd4 60. Kg5 Ke3 61. Kxh5 Kxe2 0-1

[Event "17. Obert Int. Sant Marti 2015"]
[Site "Barcelona ESP"]
[Date "2015.07.20"]
[Round "8.44"]
[White "Kantsler, Boris"]
[Black "Fernandez Aguilar, Francisco"]
[Result "1-0"]
[WhiteElo "2415"]
[BlackElo "2067"]
[PlyCount "87"]
[EventDate "2015.07.13"]
[EventType "swiss"]
[EventRounds "9"]
[EventCountry "ESP"]
[SourceTitle "Ajedrez en Madrid"]
[Source "lmi"]
[SourceDate "2013.07.13"]
[SourceVersion "1"]
[SourceVersionDate "2019.06.24"]
[SourceQuality "1"]

1. d4 d5 2. c4 c6 3. Nf3 Nf6 4. e3 Bg4 5. h3 Bxf3 6. Qxf3 e6 7. Bd3 Nbd7 8. O-O
Be7 9. Nc3 O-O 10. Rd1 Re8 11. Bd2 Bf8 12. Be1 Qe7 13. Qe2 g6 14. a3 Bg7 15.
Rac1 dxc4 16. Bxc4 c5 17. d5 exd5 18. Nxd5 Nxd5 19. Bxd5 Nf6 20. Bf3 Rad8 21.
b4 Rxd1 22. Qxd1 b6 23. bxc5 bxc5 24. Qa4 h5 25. Rb1 Ne4 26. Qc6 Qe6 27. Qxe6
Rxe6 28. Rb8+ Bf8 29. Ra8 Ng5 30. Be2 Re7 31. h4 Ne6 32. Bc4 Rc7 33. f3 Rd7 34.
Kf2 Ng7 35. g4 Rb7 36. Bc3 Rd7 37. a4 Rc7 38. a5 Rd7 39. a6 Re7 40. Bf6 Rd7 41.
Ke2 Ne6 42. g5 Ng7 43. Bb5 Rc7 44. Bd8 1-0

[Event "17. Obert Int. Sant Marti 2015"]
[Site "Barcelona ESP"]
[Date "2015.07.20"]
[Round "8.45"]
[White "Sanchez Sandoval, Gonzalo"]
[Black "Lopez Perdomo, Juan David"]
[Result "1-0"]
[WhiteElo "2205"]
[BlackElo "2056"]
[PlyCount "77"]
[EventDate "2015.07.13"]
[EventType "swiss"]
[EventRounds "9"]
[EventCountry "ESP"]
[SourceTitle "Ajedrez en Madrid"]
[Source "lmi"]
[SourceDate "2013.07.13"]
[SourceVersion "1"]
[SourceVersionDate "2019.06.24"]
[SourceQuality "1"]

1. e4 d6 2. d4 c6 3. Nc3 g6 4. Be3 Bg7 5. Qd2 Nf6 6. f3 h5 7. O-O-O Qa5 8. Kb1
b6 9. Nge2 b5 10. e5 Nfd7 11. exd6 exd6 12. Ne4 Qxd2 13. Nxd6+ Ke7 14. Nxc8+
Rxc8 15. Rxd2 Nb6 16. Nc3 N8d7 17. Bd3 Kf8 18. Bf2 Nf6 19. Re1 Nfd5 20. Nxd5
Nxd5 21. g3 b4 22. Rde2 Rd8 23. Re4 Rd6 24. Bc4 Bf6 25. g4 hxg4 26. fxg4 Nb6
27. Bb3 a5 28. d5 cxd5 29. Rf4 Nd7 30. Ba4 Kg7 31. h4 g5 32. Rf5 gxh4 33. Rf1
Kg6 34. Be3 Ne5 35. g5 Bg7 36. c3 Nc4 37. Bc1 bxc3 38. Bc2 Kh7 39. b3 1-0

[Event "17. Obert Int. Sant Marti 2015"]
[Site "Barcelona ESP"]
[Date "2015.07.20"]
[Round "8.46"]
[White "Dominguez, Laura Lucia"]
[Black "Meylan, Andre"]
[Result "1/2-1/2"]
[WhiteElo "2057"]
[BlackElo "2196"]
[PlyCount "30"]
[EventDate "2015.07.13"]
[EventType "swiss"]
[EventRounds "9"]
[EventCountry "ESP"]
[SourceTitle "Ajedrez en Madrid"]
[Source "lmi"]
[SourceDate "2013.07.13"]
[SourceVersion "1"]
[SourceVersionDate "2019.06.24"]
[SourceQuality "1"]

1. e4 Nf6 2. e5 Nd5 3. d4 d6 4. Bg5 dxe5 5. dxe5 c6 6. c4 Nb4 7. Qxd8+ Kxd8 8.
Na3 Bf5 9. Nf3 Nd7 10. Be2 Kc7 11. O-O e6 12. Rfd1 h6 13. Be3 Be7 14. Rd2 Rad8
15. Bd4 Nc5 1/2-1/2

[Event "17. Obert Int. Sant Marti 2015"]
[Site "Barcelona ESP"]
[Date "2015.07.20"]
[Round "8.47"]
[White "Mateus, Martha"]
[Black "Supriya, Joshi"]
[Result "1-0"]
[WhiteElo "2172"]
[BlackElo "1953"]
[PlyCount "93"]
[EventDate "2015.07.13"]
[EventType "swiss"]
[EventRounds "9"]
[EventCountry "ESP"]
[SourceTitle "Ajedrez en Madrid"]
[Source "lmi"]
[SourceDate "2013.07.13"]
[SourceVersion "1"]
[SourceVersionDate "2019.06.24"]
[SourceQuality "1"]

1. e4 c6 2. d4 d5 3. e5 Bf5 4. Nf3 e6 5. a3 c5 6. dxc5 Bxc5 7. b4 Bb6 8. Nbd2
Nc6 9. Bb2 Nge7 10. Be2 Ng6 11. O-O Nf4 12. Bb5 g5 13. Nd4 Bxd4 14. Bxc6+ bxc6
15. Bxd4 Bxc2 16. Qf3 Be4 17. Qd1 Bxg2 18. Re1 Bh3 19. Re3 Bf5 20. Nb3 g4 21.
Rc1 Nh3+ 22. Kf1 Qh4 23. Rg3 Ng5 24. Bc5 Qxh2 25. Nd2 h5 26. Qa4 Kd7 27. Qa6
Rhb8 28. Bxa7 Bd3+ 29. Qxd3 Rxa7 30. Ke2 Nh3 31. Qe3 Rba8 32. Qc5 Qxf2+ 33.
Qxf2 Nxf2 34. Kxf2 Rxa3 35. Nb3 Ra2+ 36. Kg1 Re2 37. Nd4 Rxe5 38. Nxc6 Re4 39.
b5 h4 40. Rb3 Ra2 41. b6 g3 42. b7 Ree2 43. Ne5+ Ke7 44. Ng4 h3 45. b8=Q h2+
46. Kh1 g2+ 47. Kxh2 1-0

[Event "17. Obert Int. Sant Marti 2015"]
[Site "Barcelona ESP"]
[Date "2015.07.20"]
[Round "8.48"]
[White "Dahale, Atul"]
[Black "Perez Pastora, Evarist"]
[Result "0-1"]
[WhiteElo "1969"]
[BlackElo "2158"]
[PlyCount "80"]
[EventDate "2015.07.13"]
[EventType "swiss"]
[EventRounds "9"]
[EventCountry "ESP"]
[SourceTitle "Ajedrez en Madrid"]
[Source "lmi"]
[SourceDate "2013.07.13"]
[SourceVersion "1"]
[SourceVersionDate "2019.06.24"]
[SourceQuality "1"]

1. d4 Nf6 2. c4 g6 3. Nc3 Bg7 4. e4 d6 5. Nf3 O-O 6. h3 Nbd7 7. Be3 e5 8. d5 b6
9. g4 Nc5 10. Nd2 a5 11. Be2 Ne8 12. Rg1 f5 13. gxf5 gxf5 14. Bg5 Nf6 15. Qc2
f4 16. Bg4 Kh8 17. O-O-O Qe8 18. f3 h5 19. Bxc8 Rxc8 20. Rg2 Qf7 21. Rdg1 Rg8
22. Nb5 Nh7 23. h4 Bf6 24. Nb3 Na6 25. Kb1 Be7 26. Qc3 a4 27. Nc1 Rg6 28. Qc2
Bxg5 29. hxg5 Rcg8 30. Qxa4 Nc5 31. Qa7 Nxe4 32. fxe4 f3 33. Rf2 Nxg5 34. Rxg5
Rxg5 35. Nxd6 Qh7 36. Nf5 Rxf5 37. exf5 Qxf5+ 38. Ka1 Qf4 39. Rf1 Qxc4 40. Rh1
f2 0-1

[Event "17. Obert Int. Sant Marti 2015"]
[Site "Barcelona ESP"]
[Date "2015.07.20"]
[Round "8.49"]
[White "Pettersen, Joar Gullestad"]
[Black "Scheffknecht, Philipp"]
[Result "1-0"]
[WhiteElo "1968"]
[BlackElo "2121"]
[PlyCount "95"]
[EventDate "2015.07.13"]
[EventType "swiss"]
[EventRounds "9"]
[EventCountry "ESP"]
[SourceTitle "Ajedrez en Madrid"]
[Source "lmi"]
[SourceDate "2013.07.13"]
[SourceVersion "1"]
[SourceVersionDate "2019.06.24"]
[SourceQuality "1"]

1. e4 c5 2. Nf3 Nc6 3. Bb5 Nd4 4. Nxd4 cxd4 5. O-O a6 6. Bd3 g6 7. a4 b6 8. Qe2
Bb7 9. f4 Bg7 10. b3 e6 11. Bb2 Ne7 12. Na3 d6 13. f5 Nc6 14. fxe6 fxe6 15. Nc4
b5 16. Na3 b4 17. Nc4 Qe7 18. Nb6 Ra7 19. Nc4 Rf8 20. Qg4 Rf7 21. Qh3 Bf6 22.
g4 Ne5 23. g5 Bxg5 24. Rxf7 Nxf7 25. Bxd4 Ra8 26. Qxh7 d5 27. exd5 Bxd5 28.
Bxg6 Bf4 29. Qg8+ Kd7 30. Nb6+ Kd6 31. Nc4+ Bxc4 32. Qxa8 Bxh2+ 33. Kxh2 Qh4+
34. Kg1 Qxd4+ 35. Kh2 Qe5+ 36. Kh3 Ng5+ 37. Kh4 Qf4+ 38. Kh5 Be2+ 39. Kh6 Qh4+
40. Kg7 Qd4+ 41. Kg8 Qxa1 42. Qd8+ Kc6 43. Qxg5 Qf1 44. Be8+ Kd6 45. d4 Kc7 46.
Qe7+ Kb8 47. Qd6+ Kb7 48. Bc6+ 1-0

[Event "17. Obert Int. Sant Marti 2015"]
[Site "Barcelona ESP"]
[Date "2015.07.20"]
[Round "8.50"]
[White "Petrone, Gianmario"]
[Black "Brilej, Jaka"]
[Result "1/2-1/2"]
[WhiteElo "2102"]
[BlackElo "1639"]
[PlyCount "78"]
[EventDate "2015.07.13"]
[EventType "swiss"]
[EventRounds "9"]
[EventCountry "ESP"]
[SourceTitle "Ajedrez en Madrid"]
[Source "lmi"]
[SourceDate "2013.07.13"]
[SourceVersion "1"]
[SourceVersionDate "2019.06.24"]
[SourceQuality "1"]

1. e4 c5 2. c3 d5 3. exd5 Qxd5 4. d4 Nc6 5. Nf3 Bf5 6. Be3 Nf6 7. c4 Qd8 8. Nc3
cxd4 9. Nxd4 Nxd4 10. Qxd4 Qxd4 11. Bxd4 e6 12. g3 Bb4 13. Bg2 Be4 14. f3 Bc6
15. a3 Bxc3+ 16. Bxc3 O-O-O 17. Rd1 Rxd1+ 18. Kxd1 Rd8+ 19. Kc2 Ne8 20. b3 f6
21. Rd1 Rxd1 22. Kxd1 Nd6 23. Kd2 Kd7 24. Kd3 Nf5 25. b4 a6 26. Bd2 Ne7 27. Bc3
Nf5 28. Bb2 Kd6 29. Ke2 Kd7 30. Bf1 b5 31. Kf2 Nd6 32. cxb5 axb5 33. Ke3 Bd5
34. Bc1 Kc6 35. f4 Nf5+ 36. Kf2 Nd6 37. Bd3 Be4 38. Ke3 Bxd3 39. Kxd3 Kd5
1/2-1/2

[Event "17. Obert Int. Sant Marti 2015"]
[Site "Barcelona ESP"]
[Date "2015.07.20"]
[Round "8.51"]
[White "Bernat, Ernest"]
[Black "Font Purroy, Vicenc"]
[Result "1/2-1/2"]
[WhiteElo "1943"]
[BlackElo "2092"]
[PlyCount "108"]
[EventDate "2015.07.13"]
[EventType "swiss"]
[EventRounds "9"]
[EventCountry "ESP"]
[SourceTitle "Ajedrez en Madrid"]
[Source "lmi"]
[SourceDate "2013.07.13"]
[SourceVersion "1"]
[SourceVersionDate "2019.06.24"]
[SourceQuality "1"]

1. e4 d5 2. exd5 Qxd5 3. Nc3 Qa5 4. Nf3 Bg4 5. h3 Bh5 6. Be2 e6 7. O-O Nf6 8.
d3 c6 9. Bd2 Qc7 10. Re1 Be7 11. Ng5 Bxe2 12. Qxe2 O-O 13. Rad1 Nbd7 14. Nce4
h6 15. Nf3 a5 16. Kh1 Nd5 17. c3 a4 18. c4 N5f6 19. g4 Rfd8 20. Bc3 b5 21. Rg1
Nxe4 22. dxe4 b4 23. Bd2 f6 24. Nd4 Nf8 25. Bc1 Bc5 26. Nf3 e5 27. Kg2 Ne6 28.
Kg3 Bd4 29. Be3 c5 30. Bc1 a3 31. b3 Rd7 32. Rd3 Rad8 33. Rgd1 Qb7 34. Ne1 Qc7
35. Nc2 Rd6 36. Ne1 g5 37. Qf3 Kg7 38. Nc2 R8d7 39. Kg2 Qd8 40. Ne1 Qe8 41. Nc2
Qd8 42. Ne1 Qe7 43. Kf1 Nf4 44. Bxf4 gxf4 45. Ke2 Qe8 46. Ng2 Kh8 47. Nh4 Rh7
48. Nf5 Rd8 49. Rg1 Qg6 50. Rdd1 Kg8 51. h4 Kf8 52. Rg2 Ke8 53. Qh3 Rhd7 54.
Rgg1 Rh7 1/2-1/2

[Event "17. Obert Int. Sant Marti 2015"]
[Site "Barcelona ESP"]
[Date "2015.07.20"]
[Round "8.52"]
[White "Kakumanu, Kautil Prasad"]
[Black "Dadello, Aleksandra"]
[Result "1/2-1/2"]
[WhiteElo "1616"]
[BlackElo "2068"]
[PlyCount "67"]
[EventDate "2015.07.13"]
[EventType "swiss"]
[EventRounds "9"]
[EventCountry "ESP"]
[SourceTitle "Ajedrez en Madrid"]
[Source "lmi"]
[SourceDate "2013.07.13"]
[SourceVersion "1"]
[SourceVersionDate "2019.06.24"]
[SourceQuality "1"]

1. c4 e5 2. Nc3 Nf6 3. g3 Bb4 4. Bg2 O-O 5. e4 d6 6. Nge2 c6 7. O-O Be6 8. Qb3
Bxc3 9. Qxc3 Nbd7 10. d4 Qe7 11. d5 cxd5 12. cxd5 Bg4 13. f3 Bh5 14. g4 Bg6 15.
h4 h6 16. Be3 Rfc8 17. Qd2 Nb6 18. b3 Nfd7 19. h5 Bh7 20. Rac1 Nc5 21. Rc3 Rc7
22. Rfc1 Rac8 23. g5 hxg5 24. Bh3 Rf8 25. Rxc5 Rxc5 26. Bxc5 dxc5 27. d6 Qf6
28. Rxc5 Qxf3 29. d7 Rd8 30. Rxe5 Nxd7 31. Qxd7 Qe3+ 32. Kf1 Qf3+ 33. Kg1 Qe3+
34. Kf1 1/2-1/2

[Event "17. Obert Int. Sant Marti 2015"]
[Site "Barcelona ESP"]
[Date "2015.07.20"]
[Round "8.53"]
[White "Jocher, Georg"]
[Black "Perez Otero, Juan Antonio"]
[Result "1-0"]
[WhiteElo "1931"]
[BlackElo "2169"]
[PlyCount "113"]
[EventDate "2015.07.13"]
[EventType "swiss"]
[EventRounds "9"]
[EventCountry "ESP"]
[SourceTitle "Ajedrez en Madrid"]
[Source "lmi"]
[SourceDate "2013.07.13"]
[SourceVersion "1"]
[SourceVersionDate "2019.06.24"]
[SourceQuality "1"]

1. e4 g6 2. d4 Bg7 3. Nf3 c5 4. Nc3 cxd4 5. Nxd4 Nc6 6. Nb3 Nf6 7. Be3 O-O 8.
Be2 d6 9. f4 Be6 10. O-O Na5 11. Nxa5 Qxa5 12. a3 a6 13. Kh1 Rac8 14. Bf3 Rfd8
15. Qe1 Qc7 16. Bd4 Bc4 17. Be2 Bxe2 18. Qxe2 Qc4 19. Qd3 Nd7 20. Bxg7 Kxg7 21.
Qe3 Qc5 22. Qh3 f5 23. Rae1 Re8 24. Re2 Nf6 25. e5 Ng4 26. Qf3 Qc6 27. h3 Nh6
28. exd6 exd6 29. Rxe8 Rxe8 30. Qd3 Nf7 31. Qd4+ Kf8 32. Rd1 Re6 33. Kh2 h6 34.
Rd2 Qc5 35. Qxc5 dxc5 36. Rd7 Re7 37. Rd5 b6 38. Na4 Rb7 39. g4 fxg4 40. hxg4
Ke7 41. c4 Nd6 42. b3 Nc8 43. Kg3 Rd7 44. Nc3 Rxd5 45. Nxd5+ Kd6 46. a4 b5 47.
axb5 axb5 48. Ne3 b4 49. Kf3 Ne7 50. Ke4 Ng8 51. g5 h5 52. f5 gxf5+ 53. Nxf5+
Kc6 54. Ke5 Kd7 55. g6 Kd8 56. Kd6 Ke8 57. Ng7+ 1-0